Лисабонският странник (Запис номер 434230)
[ съкратено ]
| 000 -Лидер | |
|---|---|
| Контролно поле с фиксирана дължина | 01402nam a2200301 c 4500 |
| 003 - Код на организацията, давaща контролен номер | |
| Контролно поле | BLK |
| 005 - Дата и час на последна редакция | |
| Контролно поле | 20231110011009.0 |
| 008 - Елементи от данни с фиксирана дължина | |
| fixed length control field | 180408b bul|||||r ||||||| ||bul|| |
| 020 ## - Международен стандартен номер на книга ISBN | |
| Международен стандартен номер на книга ISBN | 9789548685313 |
| 040 ## - Източник на каталожния запис | |
| Идентификатор на билиотеката - собственик на записа | BLK |
| 041 ## - Код за език | |
| Код за езика на текст/звукозапис или на отделно заглавие | Български |
| Код за езика КДБФ | Български |
| 080 ## - УДК | |
| Текстов определител УДК | Българска литература |
| УДК код - определител по УДК | 821.163.2 |
| УДК определител | -32 |
| УДК - код + определител | 821.163.2-32 |
| 100 ## - Редна дума - Автор | |
| Автор | Георгиев, Лъчезар Георгиев |
| Дати, свързани с автора | 1956- |
| Автор - информация (биография) | Филолог, автор на проза |
| R(LIN) | 368754 |
| 139 ## - Редно поле | |
| Редна дума | Георгиев, Лъчезар Георгиев |
| Авторски знак | Георгиев - Г 37 |
| 245 10 - Сведения за заглавието | |
| Заглавие | Лисабонският странник |
| Подзаглавни данни | избрани къси разкази |
| Редно поле (дума) | Лъчезар Георгиев Георгиев; ил. Христо Цацинов, Вельо Митев |
| 257 ## - Страна на издаване | |
| Страна на създаване/издаване | България |
| 260 ## - Област на издателските данни | |
| Име на издателя, разпространителя и проч. | Star Way |
| Година на издаване | 2021 |
| Място на издаване, разпространение и проч. | В. Търново |
| 300 ## - Физическа характеристика | |
| Страници | 232 с. |
| Илюстрации и др. | с ил. |
| Размери/Мащаб | 20 см |
| 380 ## - Жанр | |
| Жанр | Худож. лит. |
| 500 ## - Общи забележки | |
| Забележка | Загл. и на англ. ез.: The Lisbon stranger<br/>Пълната форма на името на ил. Вельо Митев е Вельо Митев Симеонов;<br/>За авт.: с. 2;<br/>Рез. на англ. ез. |
| 700 ## - Други автори (авторска отговорност) | |
| 9 (RLIN) | 253344 |
| Лично име | Цацинов, Христо Маринов |
| Автороска отговорност (Описва отношението между автора и произведението) | худож. |
| 700 ## - Други автори (авторска отговорност) | |
| 9 (RLIN) | 366734 |
| Лично име | Митев, Вельо |
| Автороска отговорност (Описва отношението между автора и произведението) | худож. |
| 852 ## - Местоположение | |
| Форматна сигнатура | Цб 309475 |
| 856 4# - Електронен адрес и достъп | |
| Електронен формат | pdf - файл |
| 856 4# - Електронен адрес и достъп | |
| Електронен формат | pdf - файл |
| 999 ## - СИСТЕМНИ КОНТРОЛНИ НОМЕРА | |
| Koha biblionumber | 434230 |
| Koha biblioitemnumber | 434230 |
| 942 ## - АРТИКУЛИ | |
| Вид на библиотечния материал | Книги |
| Скрит в OPAC | Не |
| Периодичен библиозапис | Да |
| Koha issues (borrowed), all copies | 1 |
| 944 ## - СЪЗДАВАНЕ И РЕДАКЦИЯ на ЗАПИСА | |
| Създаване/Редакция | Създаване |
| Дата на регистрацията/редакция | 2021-10-20 |
| Служител, извършил регистрацията/редакцията | |
| Статус, дата на статуса | CRON CRON |
| Код за отписване | Код за изгубен артикул | Източник на класификационната схема | Код за повреда | Коз за рестрикции | Код за отдаване | Артикулен № | Име на библиотеката - собственик | Име на библиотеката, в която се намира в момента | Статус (Текущо местоположение) | Дата на вписване в системата | Местоположение - отдел | Цена в лева | Систематично азбучна сигнатура | Баркод | Цена в евро | Служебен тип на артикула |
|---|---|---|---|---|---|---|---|---|---|---|---|---|---|---|---|---|
| Не е изгубен | Universal Decimal Classification | Не е повреден | само за читалня | ползва се в читалня | 858033 | Регионална библиотека "Любен Каравелов" Русе | Регионална библиотека "Любен Каравелов" Русе | Хранилище | 2021-10-20 | Хранилище | 26.55 | Цб 309475 | 120000860858 | 13.57 | Книги | |
| Не е изгубен | Universal Decimal Classification | Не е повреден | без рестрикции | заемане за дома | 872794 | Регионална библиотека "Любен Каравелов" Русе | Регионална библиотека "Любен Каравелов" Русе | Заемна - подръчен фонд | 2022-02-21 | Заемна - подръчен фонд | 26.55 | 821.163.2-32/Г 37 Л | 120000866328 | 13.57 | Книги |